Nová zákonná úprava v cestovnom ruchu

Zmeny podmienok podnikania v cestovnom ruch - zájazdy, cestovné kancelárie a cestovné agentúry. Účinnosť nového zákona č. 281/2001 Z.z. od 1.októbra 2001 - najdôležitejšie úpravy.

Saved in:
Bibliographic Details
Main Author: Bujna, Marián
Format: Book Chapter
Language:Slovak
Subjects:
Tags: Add Tag
No Tags, Be the first to tag this record!

MARC

LEADER 00000naa a2200000 4500
001 r043746
005 20230426124022.6
041 0 |a slo 
044 |a SK 
245 1 0 |a Nová zákonná úprava v cestovnom ruchu  |c Marián Bujna 
520 |a Zmeny podmienok podnikania v cestovnom ruch - zájazdy, cestovné kancelárie a cestovné agentúry. Účinnosť nového zákona č. 281/2001 Z.z. od 1.októbra 2001 - najdôležitejšie úpravy. 
610 2 0 |a ruch cestovný 
610 2 0 |a kancelárie cestovné 
610 2 0 |a agentúry 
610 2 0 |a úpravy právne 
610 2 0 |a Slovensko 
100 1 |a Bujna, Marián